000
00155nam a22000857a 4500
082
_a
823
100
_a
NAMITA MANOHAR
245
_a
MAGICAL STORIES
942
_c
BK
999
_c
8347
_d
8347